Análisis de las acciones y programas de control y vigilancia de la neuropatía diabética, que determinan el riesgo de ulceración en algunas instituciones de salud pública y privadas en los tres niveles de atención de salud en Bogotá (Registro nro. 66425)
[ vista simple ]
| 000 -ENCABEZADO | |
|---|---|
| Número de control [NR] | 00995nam a2200217Ia 4500 |
| 008 - DE LONGITUD FIJA DE DATOS DE ELEMENTOS - INFORMACIÓN GENERAL | |
| Elementos de longitud fija [NR] | 130821s xx gs spa |
| 040 ## - FUENTE DE CATALOGACION [NR] | |
| Agencia de catalogación original [NR] | Co-BoUCM |
| Idioma de catalogación [NR] | spa |
| 041 00 - CODIGO DE IDIOMA [R] | |
| Código de idioma para texto/pista de sonido o título separado [R] | Español |
| 092 ## - SIGNATURA TOPOGRAFICA LOCAL | |
| Número de clasificación local | CDM 0215 |
| 245 00 - MENCION DE TITULO [NR] | |
| Título [NR] | Análisis de las acciones y programas de control y vigilancia de la neuropatía diabética, que determinan el riesgo de ulceración en algunas instituciones de salud pública y privadas en los tres niveles de atención de salud en Bogotá |
| Mención de responsabilidad, etc. [NR] | [CD-ROM] |
| -- | investigadores : Sara Wancjer, Gladys Villamizar |
| 260 ## - PUBLICACION, DISTRIBUCION, ETC. (PIE DE IMPRENTA) [R] | |
| Lugar de publicación, distribución, etc. [R] | [Lugar desconocido] |
| Nombre del editor, distribuidor, etc. [R] | Universidad del Rosario |
| Fecha de publicación, distribución, etc. [R] | [fecha desconocida] |
| 300 ## - DESCRIPCION FISICA [R] | |
| Extensión [R] | 1 CD-ROM |
| 650 04 - ASIENTO SECUNDARIO DE MATERIA - TERMINO TEMATICO [R] | |
| Término temático o nombre geográfico como elemento de entrada [NR] | Diabetes |
| Subdivisión general [R] | Complicaciones |
| Subdivisión de forma [R] | CD-ROM |
| 9 (RLIN) | 13121 |
| 650 04 - ASIENTO SECUNDARIO DE MATERIA - TERMINO TEMATICO [R] | |
| Término temático o nombre geográfico como elemento de entrada [NR] | Neuropatías diabéticas |
| Subdivisión de forma [R] | CD-ROM |
| 9 (RLIN) | 20317 |
| 650 04 - ASIENTO SECUNDARIO DE MATERIA - TERMINO TEMATICO [R] | |
| Término temático o nombre geográfico como elemento de entrada [NR] | Programas de salud |
| Subdivisión geográfica [R] | Bogotá (Colombia) |
| Subdivisión de forma [R] | CD-ROM |
| 9 (RLIN) | 22527 |
| 650 04 - ASIENTO SECUNDARIO DE MATERIA - TERMINO TEMATICO [R] | |
| Término temático o nombre geográfico como elemento de entrada [NR] | Salud pública |
| 9 (RLIN) | 8073 |
| 650 04 - ASIENTO SECUNDARIO DE MATERIA - TERMINO TEMATICO [R] | |
| Término temático o nombre geográfico como elemento de entrada [NR] | Salud pública |
| Subdivisión geográfica [R] | Bogotá (Colombia) |
| Subdivisión de forma [R] | CD-ROM |
| 9 (RLIN) | 8073 |
| 700 1# - ASIENTO SECUNDARIO - NOMBRE PERSONAL [R] | |
| Nombre personal [NR] | Villamizar, Gladys |
| 700 1# - ASIENTO SECUNDARIO - NOMBRE PERSONAL [R] | |
| Nombre personal [NR] | Wancjer, Sara |
| 942 ## - ELEMENTOS DE ENTRADA AGREGADOS (KOHA) | |
| Tipo de ítem principal el descrito en 300a | Multimedia |
| Sistema de clasificación | LOCAL |
| Tema principal | Medicina |
| Edición | 1 |
| Fecha de último préstamo | Signatura topográfica | Código de barras | Última vez visto | Ejemplar | Price effective from | Tipo de ítem | Perdido | Sistema de clasificación | Dañado | No prestable | Tipo de ítem específico | Suprimido | Ubicación habitual | Ubicación actual | Localización | Fecha de creación | Forma de adquisición | Costo |
|---|---|---|---|---|---|---|---|---|---|---|---|---|---|---|---|---|---|---|
| 22/06/2010 | CDM 0215 | 200019815 | 12/12/2025 | Ej.1 | 03/02/2013 | Multimedia | LOCAL | CD-Rom | Quinta de Mutis | Quinta de Mutis | Colección digital | 28/02/2010 | Donación | 26000.00 |